Splatoonシリーズのブキ - Statistics

General Stats
  • This quiz has been taken 166 times
  • The average score is 72 of 200
Answer Stats
登場シリーズ ブキ名 % Correct
1~3 スプラシューター
97%
1~3 スプラシューターコラボ
90%
1~3 スプラローラー
76%
1~3 わかばシューター
74%
1~3 もみじシューター
72%
1~3 シャープマーカー
67%
1~3 シャープマーカーネオ
67%
1~3 ダイナモローラー
67%
1~3 スプラチャージャー
66%
1~3 ボールドマーカー
65%
1~3 プライムシューター
65%
1~3 スプラローラーコラボ
64%
1~3 カーボンローラー
64%
1~3 .52ガロン
64%
1~3 ボールドマーカーネオ
62%
1~3 ヒッセン
62%
1~3 ヒーローシューター レプリカ
61%
1~3 ジェットスイーパー
61%
1~3 .96ガロン
61%
1~3 バケットスロッシャー
60%
2・3 リッター4k
60%
1~3 プライムシューターコラボ
58%
1~3 ホクサイ
58%
1~3 パブロ
57%
2・3 スプラチャージャーコラボ
57%
1~3 スクイックリンα
56%
1~3 カーボンローラーデコ
55%
1~3 スクイックリンβ
55%
2・3 スプラマニューバー
55%
1~3 .52ガロンデコ
55%
1~3 .96ガロンデコ
55%
1 スプラシューターワサビ
54%
2 スプラシューターベッチュー
54%
1~3 ヒッセン・ヒュー
54%
1~3 スプラスコープ
53%
1~3 スプラスピナー
53%
1~3 ジェットスイーパーカスタム
52%
1~3 H3リールガン
52%
1~3 L3リールガン
52%
3 スペースシューター
51%
1~3 ホットブラスター
51%
3 ワイドローラー
51%
1~3 パブロ・ヒュー
51%
1~3 ハイドラント
51%
1~3 プロモデラーRG
51%
1 | 2・3 デュアルスイーパー
48%
1~3 ロングブラスター
48%
2・3 リッター4kカスタム
48%
2・3 4kスコープ
48%
1~3 ホクサイ・ヒュー
47%
1~3 バケットスロッシャーデコ
47%
1~3 ホットブラスターカスタム
46%
2・3 スプラスコープコラボ
46%
1~3 オクタシューター レプリカ
45%
1~3 ダイナモローラーテスラ
45%
1~3 ロングブラスターカスタム
44%
1~3 ノヴァブラスター
44%
2・3 ヴァリアブルローラー
44%
1~3 バレルスピナー
44%
1~3 スプラスピナーコラボ
44%
1~3 ハイドラントカスタム
44%
2・3 スプラマニューバーコラボ
44%
2・3 スパッタリー
44%
1 リッター3k
44%
1~3 プロモデラーMG
44%
3 スペースシューターコラボ
43%
3 フィンセント
43%
1 | 2・3 デュアルスイーパーカスタム
42%
2・3 ボトルガイザー
42%
1~3 ノヴァブラスターネオ
42%
3 ジムワイパー
42%
2 おちばシューター
40%
3 ワイドローラーコラボ
40%
1・2 スクイックリンγ
40%
1~3 N-ZAP85
40%
1~3 N-ZAP89
40%
2 プライムシューターベッチュー
39%
1・2 プロモデラーPG
39%
3 オーダーシューター レプリカ
38%
1~3 ラピッドブラスター
38%
2・3 オーバーフロッシャー
38%
2・3 スパッタリー・ヒュー
38%
3 トライストリンガー
38%
2・3 4kスコープカスタム
38%
2・3 ボトルガイザーフォイル
37%
1~3 ラピッドブラスターデコ
37%
2・3 スパイガジェット
37%
2・3 ソイチューバー
36%
1~3 スクリュースロッシャー
36%
2・3 キャンピングシェルター
36%
3 フィンセント・ヒュー
35%
1・2 ヒーローチャージャー レプリカ
35%
1~3 バレルスピナーデコ
35%
2・3 パラシェルター
35%
1 3kスコープ
35%
2 .52ガロンベッチュー
35%
2・3 エクスプロッシャー
34%
3 モップリン
34%
3 ドライブワイパー
34%
1・2 ボールドマーカー7
34%
1・2 ヒーローローラー レプリカ
33%
1 スプラチャージャーワカメ
33%
1 リッター3kカスタム
33%
2・3 ケルビン525
33%
1・2 H3リールガンチェリー
33%
2・3 クーゲルシュライバー
31%
1~3 14式竹筒銃・甲
31%
1~3 L3リールガンD
31%
1~3 Rブラスターエリート
31%
2 スプラローラーベッチュー
30%
2・3 ヴァリアブルローラーフォイル
30%
2・3 ソイチューバーカスタム
30%
2・3 スパイガジェットソレーラ
30%
1~3 14式竹筒銃・乙
30%
1~3 H3リールガンD
30%
1~3 Rブラスターエリートデコ
30%
2・3 クアッドホッパーブラック
29%
2・3 クアッドホッパーホワイト
29%
2・3 パラシェルターソレーラ
29%
3 ジムワイパー・ヒュー
29%
1・2 N-ZAP83
29%
2・3 クラッシュブラスター
28%
2・3 エクスプロッシャーカスタム
28%
3 トライストリンガーコラボ
28%
2・3 ケルビン525デコ
28%
3 ガエンFF
28%
3 R-PEN/5B
28%
3 R-PEN/5H
28%
3 オーダーローラー レプリカ
27%
2・3 オーバーフロッシャーデコ
27%
3 イグザミナー
27%
3 デンタルワイパーミント
27%
2・3 クラッシュブラスターネオ
26%
1 スプラローラーコロコロ
26%
3 ドライブワイパーデコ
26%
3 デンタルワイパースミ
26%
1 3kスコープカスタム
26%
1 プライムシューターベリー
25%
2 スプラチャージャーベッチュー
25%
2 スプラスコープベッチュー
25%
1~3 スクリュースロッシャーネオ
25%
2 スプラマニューバーベッチュー
25%
2 ヒーローマニューバー レプリカ
25%
2・3 ノーチラス79
25%
2 ダイナモローラーベッチュー
24%
3 イグザミナー・ヒュー
24%
2・3 キャンピングシェルターソレーラ
24%
2・3 ノーチラス47
24%
3 LACT-450
24%
1・2 ロングブラスターネクロ
22%
1 スプラチャージャーベントー
22%
3 オーダーチャージャー レプリカ
22%
1 スプラスコープワカメ
22%
1 スプラスコープベントー
22%
3 モップリンD
22%
3 ガエンFFカスタム
22%
2 ヒーローブラスター レプリカ
21%
3 オーダーブラスター レプリカ
21%
2 ヒーロースピナー レプリカ
21%
2・3 クーゲルシュライバー・ヒュー
21%
3 オーダーマニューバー レプリカ
21%
1・2 14式竹筒銃・丙
21%
3 S-BLAST91
21%
3 オーダースピナー レプリカ
20%
2 ノヴァブラスターベッチュー
19%
1 ダイナモローラーバーンド
19%
1・2 パーマネント・パブロ
19%
2 ホクサイベッチュー
19%
3 オーダーブラシ レプリカ
19%
3 オーダーワイパー レプリカ
19%
3 S-BLAST92
19%
2 ヒーローブラシ レプリカ
18%
1・2 バケットスロッシャーソーダ
18%
3 オーダースロッシャー レプリカ
17%
2 スプラスピナーベッチュー
17%
2 スパッタリークリア
17%
2 ヒーローシェルター レプリカ
17%
3 オーダーシェルター レプリカ
17%
2 ヒーロースロッシャー レプリカ
16%
1・2 バレルスピナーリミックス
16%
3 オーダーストリンガー レプリカ
16%
3 LACT-450デコ
16%
2 スクリュースロッシャーベッチュー
15%
2 スパイガジェットベッチュー
13%
2 ケルビン525ベッチュー
13%
3 フルイドⅤ
12%
3 フルイドⅤカスタム
12%
2・3 クマサン印のシェルター
12%
2・3 クマサン印のチャージャー
12%
2・3 クマサン印のスロッシャー
12%
3 クマサン印のストリンガー
12%
3 クマサン印のワイパー
12%
3 クマサン印のローラー
12%
3 24式張替傘・甲
12%
3 24式張替傘・乙
12%
2・3 クマサン印のブラスター
11%
3 クマサン印のマニューバー
11%
1 スプラスピナーリペア
10%
No matching quizzes found
Score Distribution
Percent of People with Each Score
Percentile by Number Answered
Your Score History
You have not taken this quiz